Urban economics

Bibliographic Details
Main Author: Richardson, Harry W.
Format: Book
Published: Victoria : Penguin Books , 1971
Subjects:

MARC

LEADER 00000cam a2200000 7i4500
001 0000009574
005 20160921.0
040 |a INS 
090 0 0 |a HT391   |b R53 1971 
100 1 |a Richardson, Harry W. 
245 1 0 |a Urban economics   |c by Harry W. Richardson 
260 |a Victoria :   |b Penguin Books ,   |c 1971 
300 |a 208p. ;   |c 19cm. 
650 0 |a Cities and town   |x Planning 
650 0 0 |a Urban economics 
999 |a 0000021833   |b BOOK   |c Open Shelf   |e Default branch